[Event "lampião"]
[Site "http://www.queenalice.com/game.php?id=279710"]
[Date "2007.10.1"]
[Round "-"]
[White "JOROVAS"]
[Black "alesze"]
[Result "1-0"]
[WhiteElo "1646"]
[BlackElo "1517"]

1. e4 g6 2. Nc3 Nc6 3. Bc4 Nh6 4. d3 e6 5. Bxh6 Bxh6 6. b3 b6 7. a3 Bg7 8. Qd2
Bxc3 9. Qxc3 Rg8 10. d4 Qh4 11. Qe3 Na5 12. Nf3 Qg4 13. g3 Bb7 14. Nd2 Nxc4 15.
bxc4 Bc6 16. h3 Qh5 17. Nf3 b5 18. Ne5 Rb8 19. g4 Qh4 20. Qf4 bxc4 21. Qxf7+ Kd8
22. Qxg8+ Ke7 23. Qxb8 Bxe4 24. Rh2 d6 25. Qxc7+ Kf6 26. Qf7+ Kg5 27. Qe7+ Kf4
28. Qxh4 dxe5 29. dxe5 Kxe5 30. Rd1 Kf4 31. Qh6+ Kf3 32. Qe3# 1-0

[Event "Challenge"]
[Site "http://www.queenalice.com/game.php?id=295713"]
[Date "2007.10.31"]
[Round "-"]
[White "alesze"]
[Black "GabrielGabera"]
[Result "0-1"]
[WhiteElo "1495"]
[BlackElo "1978"]

1. c4 Nf6 2. e3 g6 3. Nh3 d5 4. Nc3 e5 5. d4 exd4 6. exd4 Bxh3 7. gxh3 Qe7+ 8.
Be3 dxc4 9. Qa4+ c6 10. Bxc4 b5 11. Bxb5 cxb5 12. Qxb5+ Nbd7 13. O-O-O Bg7 14.
d5 O-O 15. d6 Qe6 16. Rhg1 Qxh3 17. Rg3 Qxh2 18. Bd4 Rfd8 19. a3 Nh5 20. Rf3
Bxd4 21. Qd5 Bf6 22. Ne4 Rab8 23. Nxf6+ Nhxf6 24. Qd3 Ne5 25. Qe2 Nxf3 26. Qxf3
Rdc8+ 27. Kb1 Rxb2+ 28. Kxb2 Qe5+ 29. Kb3 Qb5+ 30. Ka2 Rc2+ 31. Ka1 Qb2# 0-1

[Event "Challenge"]
[Site "http://www.queenalice.com/game.php?id=302940"]
[Date "2007.11.13"]
[Round "-"]
[White "alesze"]
[Black "JOROVAS"]
[Result "0-1"]
[WhiteElo "1518"]
[BlackElo "1637"]

1. Nf3 d5 2. d4 e6 3. e3 a6 4. Nc3 Bb4 5. g3 Nf6 6. Ne5 h5 7. Bh3 Ne4 8. Qf3 f6
9. Ng6 Rh6 10. O-O Rxg6 11. Qxh5 Kf7 12. Ne2 Bd6 13. f4 f5 14. b3 Nf6 15. Qf3
Qh8 16. g4 fxg4 17. Qf2 gxh3+ 18. Ng3 Ne4 19. Qf3 Nxg3 20. hxg3 h2+ 21. Kh1 Qh3
22. Rf2 Rxg3 23. Rxh2 Rxf3 24. Rxh3 Rxh3+ 25. Kg2 Rh6 26. Bd2 Nd7 27. Rf1 Nf6
28. Kf3 b5 29. Bc3 Rh3+ 30. Ke2 Ne4 31. Bb2 Ng3+ 32. Ke1 Nxf1 33. Kxf1 Rxe3 34.
Bc1 Re4 35. Kf2 Rxd4 36. Be3 Re4 37. Kf3 e5 38. fxe5 Rxe5 39. c3 Bb7 40. Bf4 Rf5
41. Kg4 Kf6 42. Be3 Re8 43. Bd4+ Be5 44. Bxe5+ Rexe5 0-1

[Event "Challenge"]
[Site "http://www.queenalice.com/game.php?id=303137"]
[Date "2007.11.13"]
[Round "-"]
[White "Zaratustra"]
[Black "alesze"]
[Result "1-0"]
[WhiteElo "1784"]
[BlackElo "1534"]

1. e4 e5 2. Nf3 d6 3. d4 exd4 4. Nxd4 Nf6 5. Nc3 c6 6. Bd3 Qb6 7. Nf3 Bg4 8. O-O
h6 9. h3 Bxf3 10. Qxf3 Be7 11. Qg3 g5 12. e5 dxe5 13. Qxe5 Nbd7 14. Qe2 Qc5 15.
Re1 O-O-O 16. Bc4 Ne5 17. Qxe5 Rd4 18. Qxc5 Bxc5 19. Bxf7 Rdd8 20. Na4 Bd6 21.
Be3 Rhf8 22. Be6+ Kb8 23. Rad1 Ne4 24. Bd4 b5 25. Rxe4 bxa4 26. Bg7 Rf4 27. Rxf4
gxf4 28. Bxh6 Kc7 29. Kf1 Rb8 30. Rxd6 Kxd6 31. Bxf4+ Kxe6 32. Bxb8 a6 33. f4
Kf5 34. g4+ Kg6 35. Be5 c5 36. f5+ Kf7 37. g5 c4 38. g6+ Kf8 39. f6 Kg8 40. f7+
Kf8 41. Bd6+ Kg7 42. f8=Q+ Kxg6 43. Qg8+ Kf5 44. Qf7+ Ke4 45. Qe6+ Kf3 46. Qe2#
1-0

[Event "Challenge"]
[Site "http://www.queenalice.com/game.php?id=307858"]
[Date "2007.11.21"]
[Round "-"]
[White "GabrielGabera"]
[Black "alesze"]
[Result "1-0"]
[WhiteElo "2057"]
[BlackElo "1518"]

1. d4 d5 2. c4 dxc4 3. Nc3 Nc6 4. d5 Nb4 5. Qa4+ Bd7 6. Qxb4 e6 7. Qxb7 Qc8 8.
Qxc8+ Rxc8 9. e4 Bb4 10. Bxc4 Nf6 11. dxe6 fxe6 12. f3 h6 13. Be3 Bxc3+ 14. bxc3
Rb8 15. Bxa7 Rb2 16. Ne2 O-O 17. Bc5 Re8 18. Ba3 Rb6 19. O-O Kh8 20. e5 Nd5 21.
Rfb1 Reb8 22. Rxb6 Nxb6 23. Rb1 Ra8 24. Rxb6 cxb6 25. Bd6 b5 26. Bb3 Ra6 27. Nf4
Kh7 28. Nxe6 Bxe6 29. Bxe6 Ra8 30. Bd7 Kg6 31. e6 Kf6 32. e7 Kf7 33. Bxb5 Rc8
34. Bd7 Re8 35. Bxe8+ Kxe8 36. a4 Kd7 37. a5 Kxd6 38. e8=Q Kc5 39. a6 Kb6 40.
Qg6+ Ka7 41. Qc6 1-0

[Event "Challenge"]
[Site "http://www.queenalice.com/game.php?id=346055"]
[Date "2008.1.31"]
[Round "-"]
[White "alesze"]
[Black "GabrielGabera"]
[Result "0-1"]
[WhiteElo "1528"]
[BlackElo "1961"]

1. Nf3 Nf6 2. d4 g6 3. e3 d5 4. Be2 Bg7 5. h3 O-O 6. O-O Nc6 7. c3 Qd6 8. Nbd2
e5 9. c4 exd4 10. exd4 Bf5 11. b3 Ne4 12. Nxe4 dxe4 13. c5 Qd8 14. Nh4 Qxh4 15.
Be3 Rfd8 16. Rc1 Nb4 17. Qd2 Nd5 18. Bg5 e3 19. Qxe3 Nxe3 20. Bxh4 Nxf1 21. Bxd8
Ng3 22. fxg3 Bxd4+ 23. Kh2 Rxd8 24. Bf3 c6 25. b4 Bb2 26. Rf1 Bd3 27. Rd1 Rd4
28. h4 Bc4 29. Re1 Bxa2 30. Re2 Rxb4 31. g4 Be6 32. g3 Bd4 33. h5 Bxc5 34. h6
Bf8 35. g5 Rb5 36. Rd2 Be7 37. g4 Bxg5 38. Rd3 Rb3 39. Rxb3 Bxb3 40. Kg3 a5 0-1

[Event "Challenge"]
[Site "http://www.queenalice.com/game.php?id=346059"]
[Date "2008.1.31"]
[Round "-"]
[White "alesze"]
[Black "Jomaley"]
[Result "1-0"]
[WhiteElo "1545"]
[BlackElo "1285"]

1. d4 d5 2. Nc3 c6 3. e3 e6 4. a3 Nf6 5. Be2 g6 6. Nf3 Bh6 7. O-O O-O 8. h3 b5
9. Ne5 Na6 10. Nxc6 Qd7 11. Ne5 Qd6 12. Nxb5 Qb6 13. a4 Ne4 14. c3 f5 15. g3 Rb8
16. b3 Nc7 17. Ba3 a6 18. Bxf8 Bxf8 19. Na3 Nxc3 20. Qc2 Nxe2+ 21. Qxe2 Qxb3 22.
Nb1 Bd6 23. Nd2 Qc3 24. Qd1 Bxe5 25. dxe5 Qxe5 26. Nf3 Qf6 27. Rb1 Rxb1 28. Qxb1
Kg7 29. Rc1 Qe7 30. Qb8 Ne8 31. Qxc8 a5 32. Rc6 Kh6 33. Rxe6 Nd6 34. Qg8 Qg7 35.
Qxg7+ Kxg7 36. Rxd6 h5 37. Rxd5 Kh6 38. Rxa5 Kg7 39. Ne5 Kh6 40. f4 g5 41. Ra6+
Kg7 42. Rg6+ Kf8 43. Rxg5 Ke7 44. Rxf5 Ke6 45. Rxh5 Kd5 46. a5 Ke4 47. a6 Kxe3
48. a7 Ke4 49. a8=Q+ Kd4 50. Qa4+ Kd5 51. Rh6 Kc5 52. Qc4# 1-0

[Event "Challenge"]
[Site "http://www.queenalice.com/game.php?id=347602"]
[Date "2008.2.3"]
[Round "-"]
[White "Vitocknick"]
[Black "alesze"]
[Result "0-1"]
[WhiteElo "1485"]
[BlackElo "1517"]

1. e4 e5 2. Nf3 Bd6 3. Bc4 Nh6 4. d3 Nc6 5. Bxh6 gxh6 6. d4 Qf6 7. dxe5 Bxe5 8.
Nxe5 Nxe5 9. Be2 b6 10. Nc3 c6 11. g3 Rg8 12. f4 Ng6 13. e5 Qe7 14. Ne4 Qb4+ 15.
c3 Qxe4 16. O-O Nh4 17. Bf3 Nxf3+ 18. Rxf3 Ba6 19. Rf2 O-O-O 20. Qd6 c5 21. Qxh6
Bb7 22. Kf1 Qh1+ 23. Ke2 Qxa1 24. f5 Ba6+ 25. Kf3 Qd1+ 26. Kg2 Bb7+ 27. Kh3 Qg4#
0-1

[Event "Challenge"]
[Site "http://www.queenalice.com/game.php?id=358206"]
[Date "2008.2.21"]
[Round "-"]
[White "danniel"]
[Black "alesze"]
[Result "0-1"]
[WhiteElo "1388"]
[BlackElo "1504"]

1. e4 e5 2. Qf3 Nf6 3. Bc4 Qe7 4. Nh3 h6 5. Qb3 d5 6. exd5 Qd6 7. Ng1 a6 8. a4
Nbd7 9. d3 Nc5 10. Qa3 Bd7 11. Nc3 c6 0-1

[Event "AUTO-INT-987"]
[Site "http://www.queenalice.com/game.php?id=441771"]
[Date "2008.7.31"]
[Round "1"]
[White "Borsssoi"]
[Black "alesze"]
[Result "0-1"]
[WhiteElo "1672"]
[BlackElo "1588"]

1. d4 d5 2. f4 e6 3. Nf3 Nc6 4. Ne5 Nxe5 5. dxe5 Nh6 6. e3 Nf5 7. c3 Bc5 8. Qe2
O-O 9. b4 Bb6 10. g4 Qh4+ 11. Kd2 Ng3 12. Qf2 Ne4+ 13. Ke2 Nxf2 14. Rg1 Bd7 15.
e4 d4 16. Rg2 Bb5+ 17. Ke1 Nd3+ 18. Kd2 Qe1+ 19. Kc2 Qxc1+ 20. Kb3 Qxf1 21. Rc2
Qxf4 22. Na3 Ba6 23. cxd4 Qxe4 24. Kc3 Bxd4+ 25. Kd2 Bxa1 26. b5 Rad8 27. Rc4
Qe1+ 28. Kc2 Qc1+ 29. Kb3 Qb2+ 30. Ka4 Bxb5+ 31. Nxb5 Qxa2+ 32. Na3 Bb2 33. h3
Qxa3+ 34. Kb5 Qa6# 0-1

[Event "AUTO-INT-987"]
[Site "http://www.queenalice.com/game.php?id=441772"]
[Date "2008.7.31"]
[Round "1"]
[White "alesze"]
[Black "Borsssoi"]
[Result "1-0"]
[WhiteElo "1567"]
[BlackElo "1693"]

1. Nf3 d5 2. d4 c6 3. c3 f6 4. Bf4 g5 5. Bxb8 Rxb8 6. e3 e5 7. dxe5 g4 8. Nfd2
fxe5 9. Be2 e4 10. Bxg4 Qg5 11. Bh5+ Kd8 12. g3 Nf6 13. Be2 Bg4 14. Na3 Qh5 15.
Nxe4 Nxe4 16. Bxg4 Qg6 17. f3 Nc5 18. O-O Bh6 19. Qd4 Bxe3+ 20. Qxe3 Nd7 21.
Rac1 Re8 22. Qd4 Nf6 23. Nc4 h5 24. Ne5 Qg7 25. Bf5 h4 26. g4 b6 27. Ng6 c5 28.
Qf4 Nd7 29. Qd6 Rb7 30. Qxd5 Rc7 31. Rcd1 Kc8 32. Qa8# 1-0

[Event "AUTO-INT-987"]
[Site "http://www.queenalice.com/game.php?id=441787"]
[Date "2008.7.31"]
[Round "1"]
[White "montelo"]
[Black "alesze"]
[Result "0-1"]
[WhiteElo "1545"]
[BlackElo "1551"]

1. e4 e5 2. Qh5 Qf6 3. Nc3 c6 4. d3 Bc5 5. Nh3 h6 6. Bg5 Qe6 7. Bd2 Na6 8. Ng5
Qf6 9. f3 d6 10. Na4 g6 11. Qh4 hxg5 12. Bxg5 Rxh4 13. Bxf6 Nxf6 14. Nxc5 Nxc5
15. g3 Rh8 16. Bg2 Be6 17. O-O O-O-O 18. h4 Rdg8 19. a4 a6 20. b4 Ncd7 21. c4
Nh5 22. g4 Ng3 23. Rf2 Rxh4 24. b5 Nc5 25. bxc6 bxc6 26. Rb2 Nxd3 27. Rb6 Nc5
28. Rab1 Kc7 29. a5 Bxc4 30. Kf2 Ne2 31. R1b4 Bd3 32. Bf1 Rh2+ 33. Ke3 g5 34.
Rb2 d5 35. Bxe2 d4+ 36. Kd2 Rxe2+ 37. Kc1 Re3 38. R6b4 Rh8 39. Rf2 Rh1+ 40. Kd2
Ra1 41. Rh2 Ra2+ 42. Kd1 Rxh2 43. Rb6 Rxf3 44. Ke1 Rf1# 0-1

[Event "AUTO-INT-987"]
[Site "http://www.queenalice.com/game.php?id=441788"]
[Date "2008.7.31"]
[Round "1"]
[White "alesze"]
[Black "montelo"]
[Result "1-0"]
[WhiteElo "1528"]
[BlackElo "1564"]

1. d4 e6 2. e4 Qh4 3. g3 Qxe4+ 4. Be3 Qxh1 5. Nf3 b6 6. c4 Ba6 7. b3 Bb7 8. d5
exd5 9. cxd5 Nf6 10. Nbd2 Bxd5 11. Bd4 Ne4 12. Qe2 Bb4 13. O-O-O Bxd2+ 14. Nxd2
O-O 15. f3 Nxd2 16. Qe5 Nxf3 17. Qxg7# 1-0

[Event "AUTO-INT-987"]
[Site "http://www.queenalice.com/game.php?id=441799"]
[Date "2008.7.31"]
[Round "1"]
[White "alesze"]
[Black "xerxe"]
[Result "1-0"]
[WhiteElo "1607"]
[BlackElo "1597"]

1. d4 d5 2. e3 Bf5 3. Nc3 e6 4. Bd2 Nc6 5. Bb5 a6 6. Bd3 Nf6 7. Bxf5 exf5 8. Qe2
Bd6 9. a3 Qd7 10. Nf3 O-O-O 11. O-O-O Rhe8 12. h3 Ne4 13. Nxd5 Bg3 14. Be1 Bd6
15. c4 f4 16. Qd3 fxe3 17. fxe3 f5 18. h4 Bg3 19. Rf1 Bxe1 20. Rdxe1 Rf8 21. Ng5
h6 22. Nxe4 fxe4 23. Qxe4 Rde8 24. Qd3 Qg4 25. Rxf8 Rxf8 26. Rf1 Rxf1+ 27. Qxf1
Qxh4 28. Qf8+ Nd8 29. Qxg7 Qe1+ 30. Kc2 Qe2+ 31. Kc3 Qe1+ 32. Kb3 Ne6 33. Qh8+
Kd7 34. Qe5 Qd1+ 35. Ka2 Qe2 36. Nf6+ Ke7 37. Qf5 Qxe3 38. Nd5+ 1-0

[Event "AUTO-INT-987"]
[Site "http://www.queenalice.com/game.php?id=441800"]
[Date "2008.7.31"]
[Round "1"]
[White "xerxe"]
[Black "alesze"]
[Result "1/2-1/2"]
[WhiteElo "1581"]
[BlackElo "1623"]

1. e4 e5 2. Nf3 d6 3. Bc4 Nf6 4. d3 d5 5. exd5 Nxd5 6. Nxe5 Qe7 7. Qe2 Be6 8.
O-O Nb6 9. Nc3 Bxc4 10. Nxc4 Qxe2 11. Nxe2 Be7 12. Re1 O-O 13. Nc3 Nc6 14. Be3
Bb4 15. Re2 Bxc3 16. Nxb6 axb6 17. bxc3 Ra3 18. c4 Nb4 19. g4 f5 20. f3 h6 21.
h4 fxg4 22. fxg4 Nxa2 23. c3 Nxc3 24. Ree1 Rxa1 25. Rxa1 Rd8 26. d4 Ne2+ 27. Kg2
Nxd4 28. Ra7 c5 29. Rxb7 Re8 30. Bxd4 cxd4 31. Rd7 Re2+ 32. Kf3 Rd2 33. Rd6 d3
34. Ke3 Rd1 35. Rxd3 Rxd3+ 36. Kxd3 Kf7 37. Kc3 Kf6 38. Kd4 1/2-1/2